England & Wales Top 100 baby girls’ names In 2021 - Statistics

General Stats
  • This quiz has been taken 82 times
  • The average score is 49 of 100
Answer Stats
Rank Name % Correct
43 Eliza
84%
61 Emma
84%
25 Charlotte
83%
19 Emily
83%
60 Elizabeth
81%
1 Olivia
81%
96 Lilly
79%
7 Lily
79%
97 Anna
78%
100 Sara
78%
2 Amelia
75%
68 Rose
75%
9 Mia
73%
89 Hannah
71%
4 Ava
70%
85 Lucy
70%
20 Ella
68%
41 Eva
68%
14 Grace
68%
13 Isabella
68%
5 Ivy
68%
30 Sophie
68%
49 Jessica
67%
78 Ellie
65%
21 Evelyn
65%
23 Sofia
65%
12 Sophia
65%
45 Violet
65%
11 Rosie
63%
15 Daisy
62%
95 Holly
62%
3 Isla
62%
31 Alice
60%
24 Evie
60%
33 Isabelle
60%
75 Maria
60%
10 Willow
60%
34 Ruby
59%
72 Bella
57%
90 Summer
57%
69 Zara
57%
8 Florence
56%
6 Freya
56%
92 Jasmine
56%
73 Molly
56%
17 Poppy
56%
37 Aria
54%
55 Eleanor
54%
18 Elsie
54%
16 Sienna
54%
29 Maya
52%
94 Clara
51%
79 Gracie
51%
35 Luna
51%
64 Lola
49%
39 Mila
48%
27 Millie
48%
59 Erin
46%
46 Esme
46%
36 Maisie
46%
38 Penelope
46%
22 Phoebe
46%
88 Amber
44%
48 Imogen
44%
53 Layla
44%
28 Matilda
44%
74 Olive
43%
62 Scarlett
43%
44 Ada
41%
26 Harper
41%
99 Beatrice
40%
51 Lottie
40%
65 Nancy
38%
87 Amelie
35%
98 Lara
35%
50 Delilah
33%
54 Thea
33%
32 Emilia
32%
84 Heidi
32%
58 Mabel
32%
40 Bonnie
30%
66 Orla
30%
56 Aurora
29%
83 Edith
27%
81 Darcie
25%
91 Eden
24%
42 Hallie
21%
57 Margot
21%
77 Maeve
19%
82 Maryam
19%
47 Arabella
17%
71 Robyn
16%
76 Lyla
13%
93 Elodie
11%
67 Ayla
10%
80 Lyra
8%
70 Irisi
6%
86 Myla
6%
52 Chlore
2%
63 Harrier
2%
No matching quizzes found
Score Distribution
Percent of People with Each Score
Percentile by Number Answered
Your Score History
You have not taken this quiz